North American Island Countries and Territories - Statistics

General Stats
  • This quiz has been taken 122 times
    115 since last reset
  • The average score is 24 of 33
Answer Stats
Answer % Correct
Barbados
96%
Cuba
96%
Saint Vincent and the Grenadines
96%
Antigua and Barbuda
94%
Dominica
94%
Haiti
94%
Jamaica
94%
Grenada
93%
Saint Kitts and Nevis
93%
Bahamas
91%
Dominican Republic
91%
Saint Lucia
91%
Trinidad and Tobago
90%
Puerto Rico
84%
U.S. Virgin Islands
76%
Aruba
73%
Sint Maarten
72%
Bermuda
70%
Martinique
69%
Cayman Islands
67%
Curaçao
67%
Guadeloupe
66%
Virgin Islands
66%
Anguilla
61%
Greenland
61%
Montserrat
60%
Turks and Caicos Islands
60%
Bonaire
55%
Saint Martin
54%
Saint Barthélemy
49%
Saint Pierre and Miquelon
45%
Sint Eustatius
39%
Saba
36%
No matching quizzes found
Score Distribution
Percent of People with Each Score
Percentile by Number Answered
Your Score History
You have not taken this quiz since the last reset